[Event "AUTO-INT-2614"]
[Site "http://www.queenalice.com/game.php?id=1219321"]
[Date "2013.9.23"]
[Round "2"]
[White "Barbaforcuta"]
[Black "Slazenger"]
[Result "1-0"]
[WhiteElo "2035"]
[BlackElo "1615"]

1. e4 e6 2. d4 c6 3. Nf3 d5 4. e5 h6 5. c4 Ne7 6. Nc3 b6 7. Be3 Ng6 8. g3 Ba6 9.
b3 Bb4 10. Rc1 b5 11. c5 Nd7 12. Bd3 f5 13. exf6 Qxf6 14. O-O e5 15. dxe5 Ndxe5
16. Nxe5 Nxe5 17. Re1 Nf3+ 18. Kg2 Nxe1+ 19. Qxe1 O-O 20. Qd2 d4 21. Bxd4 Qxd4
22. Bh7+ 1-0

[Event "artur59"]
[Site "http://www.queenalice.com/game.php?id=1225732"]
[Date "2013.10.19"]
[Round "2"]
[White "Harry28"]
[Black "Barbaforcuta"]
[Result "1-0"]
[WhiteElo "2070"]
[BlackElo "2095"]

1. e4 e5 2. Nf3 Nc6 3. Bb5 d6 4. d4 exd4 5. Nxd4 Bd7 6. Nxc6 bxc6 7. Bd3 Nf6 8.
O-O Be7 9. Nd2 O-O 10. b3 d5 11. Bb2 Re8 12. e5 Ng4 13. h3 Nh6 14. Qh5 Bg5 15.
f4 Be7 16. Nf3 Bc5+ 17. Kh2 Rf8 18. Ng5 1-0

[Event "AUTO-OPEN-2973"]
[Site "http://www.queenalice.com/game.php?id=1227083"]
[Date "2013.10.25"]
[Round "2"]
[White "Barbaforcuta"]
[Black "Artking"]
[Result "0-1"]
[WhiteElo "2111"]
[BlackElo "2068"]

1. e4 c5 2. Nf3 a6 3. d4 cxd4 4. Nxd4 d6 5. Be3 Nf6 6. Bd3 g6 7. O-O Bg7 8. c4
Nc6 9. Nxc6 bxc6 10. Nc3 O-O 11. f4 Ng4 12. Bd2 Bd4+ 13. Kh1 Nf2+ 14. Rxf2 Bxf2
15. Qf3 Ba7 16. g4 Bb7 17. f5 d5 18. e5 dxc4 19. Bxc4 Rb8 20. Bh6 Qd4 21. Bb3 c5
22. Bd5 Bxd5 23. Nxd5 Rfe8 24. f6 Rxb2 25. Nxe7+ Rxe7 26. fxe7 Qxe5 27. Bf4 Qxe7
28. Bg3 Qb7 29. Qxb7 Rxb7 30. Rc1 Bb8 31. Bf2 Bd6 32. Bxc5 Bxc5 33. Rxc5 Rb1+
34. Kg2 Rb2+ 35. Kg3 Rxa2 36. Rc3 Kg7 37. h4 a5 0-1

[Event "AUTO-OPEN-2973"]
[Site "http://www.queenalice.com/game.php?id=1227084"]
[Date "2013.10.25"]
[Round "2"]
[White "Artking"]
[Black "Barbaforcuta"]
[Result "0-1"]
[WhiteElo "2048"]
[BlackElo "2101"]

1. e4 e5 2. Nf3 Nc6 3. Bb5 d6 4. c3 f5 5. O-O Nf6 6. d3 Be7 7. Nbd2 O-O 8. Bc4+
Kh8 9. Ng5 d5 10. exd5 Nxd5 11. Bxd5 Qxd5 12. Ndf3 h6 13. Nh4 Bxg5 14. Bxg5 hxg5
15. Qh5+ Kg8 16. Ng6 Rf6 17. h4 gxh4 18. Rae1 h3 19. f3 hxg2 20. Kxg2 Qxd3 21.
Ne7+ Nxe7 22. Qe8+ Rf8 23. Qxe7 Qd2+ 24. Kg1 Rf6 25. Qxe5 Rg6+ 0-1

[Event "AUTO-OPEN-2972"]
[Site "http://www.queenalice.com/game.php?id=1232237"]
[Date "2013.11.14"]
[Round "2"]
[White "Constante"]
[Black "Barbaforcuta"]
[Result "1-0"]
[WhiteElo "2204"]
[BlackElo "2076"]

1. e4 e5 2. Nf3 Nc6 3. Bb5 d6 4. O-O Nf6 5. d4 exd4 6. Nxd4 Bd7 7. Nc3 Be7 8.
Bxc6 bxc6 9. Bf4 O-O 10. e5 dxe5 11. Bxe5 Bd6 12. Bg3 Rb8 13. b3 c5 14. Nf3 Bg4
15. Qd3 h6 16. Rfe1 Qd7 17. Ne5 Bxe5 18. Qxd7 Bxc3 19. Qxc7 Bxa1 20. Rxa1 Nd5
21. Qxc5 Rbd8 22. f3 Be6 23. c4 Nc3 24. Qe3 Rd1+ 25. Rxd1 Nxd1 26. Qd2 1-0

[Event "AUTO-OPEN-2972"]
[Site "http://www.queenalice.com/game.php?id=1232238"]
[Date "2013.11.14"]
[Round "2"]
[White "Barbaforcuta"]
[Black "Constante"]
[Result "0-1"]
[WhiteElo "2065"]
[BlackElo "2227"]

1. e4 c5 2. Nf3 d6 3. d4 cxd4 4. Nxd4 Nf6 5. Bd3 Nc6 6. Nxc6 bxc6 7. c4 g6 8.
O-O Bg7 9. Nc3 O-O 10. f4 Ng4 11. h3 Bd4+ 12. Kh1 Nf2+ 13. Rxf2 Bxf2 14. f5 Bd4
15. Qg4 Bg7 16. h4 h5 17. Qg3 Qe8 18. fxg6 fxg6 19. e5 Bxe5 20. Qg5 Bg4 21. Bd2
Bf5 22. Ne4 Qf7 23. Rf1 Qe6 24. g4 Bxe4+ 0-1

[Event "AUTO-OPEN-2972"]
[Site "http://www.queenalice.com/game.php?id=1232243"]
[Date "2013.11.14"]
[Round "2"]
[White "Barbaforcuta"]
[Black "MrGreen"]
[Result "0-1"]
[WhiteElo "2078"]
[BlackElo "2553"]

1. e4 e5 2. Nf3 Nc6 3. Nc3 Nf6 4. Bc4 Bc5 5. O-O d6 6. d3 Na5 7. Bb3 O-O 8. h3
h6 9. Bd2 Bd7 10. Kh1 Bb6 11. Nh2 c6 12. f4 Qe7 13. f5 Nxb3 14. axb3 d5 15. Qf3
d4 16. Ne2 Kh8 17. c3 c5 18. Rac1 a5 19. b4 dxc3 20. bxc3 axb4 21. cxb4 cxb4 22.
d4 Ra3 23. Qf2 Nxe4 24. Qe1 Nxd2 25. Qxd2 Qd6 26. d5 Be3 27. Qb2 Bxc1 28. Nxc1
Qxd5 29. Qxb4 Rfa8 30. Ne2 Ra2 31. Qg4 R8a4 32. Qh5 Bb5 0-1

[Event "AUTO-OPEN-2972"]
[Site "http://www.queenalice.com/game.php?id=1232244"]
[Date "2013.11.14"]
[Round "2"]
[White "MrGreen"]
[Black "Barbaforcuta"]
[Result "1-0"]
[WhiteElo "2541"]
[BlackElo "2097"]

1. Nf3 d5 2. d4 Bf5 3. c4 c6 4. Nc3 Nf6 5. Qb3 b6 6. cxd5 cxd5 7. e4 dxe4 8. Ne5
e6 9. Bb5+ Nbd7 10. g4 a6 11. gxf5 axb5 12. Nxf7 Rg8 13. Nxd8 1-0

[Event "AUTO-ADV-2851"]
[Site "http://www.queenalice.com/game.php?id=1250357"]
[Date "2014.1.22"]
[Round "2"]
[White "forever"]
[Black "Barbaforcuta"]
[Result "1-0"]
[WhiteElo "1954"]
[BlackElo "2012"]

1. d4 d5 2. c4 c6 3. Nc3 Nf6 4. Bg5 e6 5. e4 Be7 6. Bxf6 gxf6 7. Qg4 Kd7 8.
O-O-O Kc7 9. Qf4+ Kd7 10. exd5 cxd5 11. cxd5 exd5 12. Nxd5 f5 13. Nf3 Ke8 14.
Nc7+ 1-0

[Event "AUTO-ADV-2851"]
[Site "http://www.queenalice.com/game.php?id=1250358"]
[Date "2014.1.22"]
[Round "2"]
[White "Barbaforcuta"]
[Black "forever"]
[Result "0-1"]
[WhiteElo "2032"]
[BlackElo "1934"]

1. e4 c6 2. d4 d5 3. e5 e6 4. Nf3 h6 5. Bd3 c5 6. c4 Bd7 7. Nc3 dxc4 8. Bxc4
cxd4 9. Nxd4 Bc5 10. Be3 Qc7 11. Ncb5 Bxb5 12. Nxb5 Bb4+ 13. Bd2 Qxc4 0-1

[Event "AUTO-ADV-2851"]
[Site "http://www.queenalice.com/game.php?id=1250361"]
[Date "2014.1.22"]
[Round "2"]
[White "Barbaforcuta"]
[Black "elisangela"]
[Result "1-0"]
[WhiteElo "2021"]
[BlackElo "1889"]

1. e4 e6 2. d4 a6 3. Nf3 h6 4. Bd3 b6 5. O-O Bb7 6. c4 g5 7. Ne5 Bg7 8. f4 Bxe5
9. fxe5 Ne7 10. Qh5 Ng6 11. d5 Nxe5 12. b3 d6 13. dxe6 Qe7 14. exf7+ Nxf7 15.
Bb2 Rg8 16. Nc3 Nd7 17. Nd5 Bxd5 18. exd5 Ne5 19. Bxe5 dxe5 20. Bg6 Rxg6 21.
Qxg6 Rd8 22. Rf6 Rd6 23. Re6 Rxe6 24. dxe6 Qc5+ 25. Kh1 Qd4 26. exf7+ Kd7 27.
Qf5+ Kc6 28. Qe6+ Kb7 29. Qd5+ c6 30. Qxd4 exd4 31. f8=Q 1-0

[Event "AUTO-ADV-2851"]
[Site "http://www.queenalice.com/game.php?id=1250362"]
[Date "2014.1.22"]
[Round "2"]
[White "elisangela"]
[Black "Barbaforcuta"]
[Result "1/2-1/2"]
[WhiteElo "1871"]
[BlackElo "2052"]

1. e3 e5 2. a3 d5 3. h3 Bd6 4. g4 e4 5. d3 f5 6. d4 Ne7 7. b4 O-O 8. Be2 f4 9.
exf4 Bxf4 10. Nc3 Ng6 11. Bb5 e3 12. Nf3 exf2+ 13. Kxf2 Bxg4 14. hxg4 Bxc1 15.
Rxc1 Nh4 16. Rh3 c6 17. Bd3 Nxf3 18. Rxf3 Qh4+ 19. Kf1 Qh1+ 20. Kf2 Qh2+ 21. Kf1
Qh1+ 22. Kf2 Qh2+ 1/2-1/2

[Event "AUTO-OPEN-2973"]
[Site "http://www.queenalice.com/game.php?id=1251645"]
[Date "2014.1.27"]
[Round "3"]
[White "ratorei"]
[Black "Barbaforcuta"]
[Result "1-0"]
[WhiteElo "1924"]
[BlackElo "2083"]

1. e4 e5 2. Nf3 d6 3. Bc4 Nf6 4. Ng5 d5 5. exd5 Bd6 6. O-O O-O 7. d4 exd4 8.
Qxd4 Ng4 9. h3 Nc6 10. Qd3 g6 11. dxc6 Ne5 12. Qb3 bxc6 13. Be2 h6 14. Ne4 Qh4
15. f4 Be6 16. Qe3 Nc4 17. Qc3 f5 18. Bxc4 Bd5 19. Bxd5+ cxd5 20. Nxd6 cxd6 21.
Qc6 Rae8 22. Qxd5+ Kg7 23. b3 Re1 24. Bb2+ 1-0

[Event "AUTO-OPEN-2973"]
[Site "http://www.queenalice.com/game.php?id=1251646"]
[Date "2014.1.27"]
[Round "3"]
[White "Barbaforcuta"]
[Black "ratorei"]
[Result "0-1"]
[WhiteElo "2061"]
[BlackElo "1925"]

1. e4 c5 2. Nf3 d6 3. d4 cxd4 4. Nxd4 Nc6 5. c3 g6 6. Be3 Bg7 7. Bd3 Nf6 8. O-O
O-O 9. Nd2 Ne5 10. Be2 Nfg4 11. Bxg4 Nxg4 12. Bg5 h6 13. Bh4 g5 14. Bg3 Ne5 15.
f4 Nd3 16. fxg5 hxg5 17. N2f3 Nxb2 18. Qc2 Nc4 19. Rae1 Qa5 20. e5 Nxe5 21. Nxg5
Ng6 22. h4 Bf6 23. Nf5 Bxg5 24. hxg5 Be6 25. Rxe6 fxe6 26. Qb3 d5 27. Nh6+ Kg7
28. Bf2 e5 29. Qxb7 Qxa2 30. Qd7 Qd2 31. Nf5+ Kh7 32. Nxe7 Nxe7 33. Qxe7+ Kg8
34. Qxe5 Rae8 35. Qd6 Qxg5 36. Rb1 Rxf2 37. Kxf2 Qe3+ 0-1

[Event "AUTO-OPEN-2973"]
[Site "http://www.queenalice.com/game.php?id=1251647"]
[Date "2014.1.27"]
[Round "3"]
[White "Artking"]
[Black "Barbaforcuta"]
[Result "0-1"]
[WhiteElo "1939"]
[BlackElo "2040"]

1. d4 d5 2. c4 c6 3. Nc3 Nf6 4. Nf3 Bg4 5. Ne5 Bh5 6. f3 e6 7. e3 c5 8. b3 Nc6
9. g4 cxd4 10. exd4 Bb4 11. Bb2 Nxg4 12. fxg4 Qh4+ 13. Kd2 Nxd4 14. gxh5 Qf4+
15. Kd3 Qxe5 16. Nb5 Qe4# 0-1

[Event "AUTO-OPEN-2973"]
[Site "http://www.queenalice.com/game.php?id=1251648"]
[Date "2014.1.27"]
[Round "3"]
[White "Barbaforcuta"]
[Black "Artking"]
[Result "0-1"]
[WhiteElo "2045"]
[BlackElo "1848"]

1. e4 c6 2. d4 d5 3. e5 Bf5 4. Nf3 e6 5. Nc3 h6 6. Be2 Ne7 7. O-O Nd7 8. Bf4 Ng6
9. Bg3 Rg8 10. a4 a6 11. h3 Bb4 12. Na2 Be7 13. c3 c5 14. Nh2 Rc8 15. f4 Nh4 16.
Bxh4 Bxh4 17. g4 Be4 18. f5 Qb6 19. b3 cxd4 20. cxd4 Rc2 21. Bf3 Qxb3 22. Nc1
Qe3+ 23. Kh1 Bg3 24. Ra2 Rxa2 25. Nxa2 exf5 26. gxf5 Ke7 27. Bxe4 Qxe4+ 28. Qf3
Rc8 29. Kg2 Bxh2 0-1

[Event "artur59"]
[Site "http://www.queenalice.com/game.php?id=1284891"]
[Date "2014.5.29"]
[Round "3"]
[White "Barbaforcuta"]
[Black "chessman"]
[Result "1-0"]
[WhiteElo "1994"]
[BlackElo "1962"]

1. e4 e6 2. d4 d5 3. e5 c5 4. c3 Nc6 5. Nf3 cxd4 6. cxd4 Qb6 7. Nc3 Nge7 8. Bb5
a6 9. Bxc6+ bxc6 10. O-O Nf5 11. b3 Bd7 12. Be3 c5 13. h3 Nxd4 14. Bxd4 cxd4 15.
Qxd4 Bc5 16. Qg4 O-O 17. Rac1 Rac8 18. Qg3 Be7 19. Nh2 Qa5 20. a4 Bb4 21. Ne2
Bd2 22. Rxc8 Rxc8 23. Ng4 Kh8 24. Nf4 Bxf4 25. Qxf4 Rf8 26. Rc1 Qd8 27. Rc3 Qe7
28. Rc7 Rc8 29. Ra7 1-0

[Event "artur59"]
[Site "http://www.queenalice.com/game.php?id=1321120"]
[Date "2014.11.9"]
[Round "4"]
[White "Eggchaser"]
[Black "Barbaforcuta"]
[Result "1-0"]
[WhiteElo "1866"]
[BlackElo "2009"]

1. d4 e6 2. Nf3 d5 3. c4 c6 4. e3 Nf6 5. Nc3 Be7 6. Be2 O-O 7. O-O Nbd7 8. b3 b6
9. Bb2 Bb7 10. cxd5 cxd5 11. Rc1 Rc8 12. Bd3 h6 13. Re1 Bb4 14. a3 Bxc3 15. Bxc3
a5 16. b4 axb4 17. Bxb4 Re8 18. Qe2 Ne4 19. Bb5 f5 20. Ne5 Nxe5 21. Bxe8 Rxc1
22. Rxc1 Nc4 23. Bb5 1-0